The entrepreneurial manager : decisions, goals, and business ideas /

Suggests an approach to decision-making, discusses strategy and planning, and covers innovation and management within the corporate structure.

Bibliographic Details
Main Author: Minkes, A. L. (Author)
Format: Book
Language:English
Published: Harmondsworth, Middlesex, England ; New York, N.Y., U.S.A. : Penguin Books, 1987.
Series:Penguin business library.
Subjects:

MARC

Tag First Indicator Second Indicator Subfields
LEADER 00000cam a2200000 a 4500
001 in00000007673
005 20151006060010.0
008 880224s1987 enka b 001 0 eng
010 |a  87170540  
015 |a GB8740920  |2 bnb 
019 |a 15585375  |a 59147472  |a 877245782 
020 |a 0140091165  |q (pbk.) 
029 1 |a AU@  |b 000005466172 
035 |a (OCoLC)17675282 
040 |a DLC  |b eng  |c DLC  |d AGL  |d UKM  |d ESU  |d OCLCQ  |d BAKER  |d NLGGC  |d BTCTA  |d OCLCQ  |d YDXCP  |d OCLCQ  |d OCLCF  |d NLE  |d OCLCO  |d OCLCQ  |d MNJ  |d THHCU  |d OCLCQ  |d CSJ  |d OCLCQ  |d UKBTH  |d OCLCO 
049 |a JLFA 
050 4 |a HD31  |b .M456 1987 
050 0 0 |a HD30.28  |b .M55 1987 
070 0 |a HD30.28.M55 
072 0 |a X700 
082 0 0 |a 658.4/012  |2 19 
084 |a 85.05  |2 bcl 
100 1 |a Minkes, A. L.,  |e author. 
245 1 4 |a The entrepreneurial manager :  |b decisions, goals, and business ideas /  |c A.L. Minkes. 
264 1 |a Harmondsworth, Middlesex, England ;  |a New York, N.Y., U.S.A. :  |b Penguin Books,  |c 1987. 
300 |a 221 pages :  |b illustrations ;  |c 20 cm. 
336 |a text  |b txt  |2 rdacontent 
337 |a unmediated  |b n  |2 rdamedia 
338 |a volume  |b nc  |2 rdacarrier 
490 1 |a The Penguin business library 
500 |a Includes index. 
504 |a Includes bibliographical references (pages 202-204) and index. 
505 0 |a Introduction -- What is management all about? -- Decisions and decision-making -- Step-by-step in decision-making -- Are decision-makers really rational? -- The innovative manager -- The politics of organization: the business enterprise as a system of governance -- Strategy and planning: what has happened to the corporate planners? -- Planning in the business corporation -- What about non-market organizations? -- Themes for the future. 
520 |a Suggests an approach to decision-making, discusses strategy and planning, and covers innovation and management within the corporate structure. 
650 0 |a Business planning. 
653 |a Management 
776 0 8 |i Online version:  |a Minkes, A.L.  |t Entrepreneurial manager.  |d Harmondsworth, Middlesex, England ; New York, N.Y., U.S.A. : Penguin Books, 1987  |w (OCoLC)756465909 
830 0 |a Penguin business library. 
938 |a Baker & Taylor  |b BKTY  |c 6.95  |d 5.21  |i 0140091165  |n 0001193623  |s active 
999 |a MARS 
999 f f |s 1e9026a3-dadf-3321-93cb-de685ae1ce83  |i 95acacad-3b25-37d1-874a-5ca9f3ae39ff  |t 0 
952 f f |p ric  |a Texas A&M University  |b Rellis Campus  |c Joint Library Facility  |d Remote Storage  |t 0  |e HD31 .M456 1987  |h Library of Congress classification  |i unmediated -- volume  |m A14812579185 
998 f f |a HD31 .M456 1987  |t 0  |l Remote Storage